Statistics for Band Name in the Lyrics

Click here to take the quiz!

General Stats

  • This quiz has been taken 25 times
  • The average score is 6 of 15

Answer Stats

Lyrics Band Name % Correct
You are the dancing _____, young and sweet, only seventeenQueen
96%
You say ___, I say no / You say stop, And I say go go go, oh noYes
72%
Cause every time we touch, I get this feeling / And every time we ____, I swear I could flyKISS
72%
Your mom busted in and said, "What's that noise?" / Aw, mom you're just jealous it's the ______ ____!Beastie Boys
48%
Black ____ sun, won't you come / And wash away the rainHole
48%
Since Bruce Springsteen, Madonna / Way before _______ / There was U2 and Blondie / And music still on MTVNirvana
48%
Cause I'm just a teenage dirtbag baby / Yeah I'm just a teenage dirtbag baby / Listen to ____ ______ maybe with meIron Maiden
48%
Well the south side of _______ / Is the baddest part of town / And if you go down there / You better just beware of a man name of Leroy BrownChicago
40%
Now, now we goin' 'til they kick us out, out / Or ___ ______ shut us down, downThe Police
28%
On the boats and on the planes / They're coming to _______ / Never looking back again / They're coming to _______America
28%
Singing _________ at the top of our lungs / With the boom box blaring as we're falling in love / Got a bottle of whatever, but it's getting us drunk / Singing here's to never growing upRadiohead
24%
She's only 18 / Don't like the _______ ______ / She took a shortcut / To being fully grownRolling Stones
16%
__, Syngman Rhee, payola and Kennedy / Chubby Checker, "Psycho", Belgians in the CongoU2
16%
I'm hairy high and low / Don't ask me why / (Cause he don't know) / It's not for lack of bread / Like the ________ ____ / DarlingGrateful Dead
8%
_____ __ ___ _____ / Sat back and took it so slow / Are you nervous? Are you shaking?Panic! At the Disco
0%

Score Distribution

Percentile by Number Answered

Percent of People with Each Score

Your Score History

You have not taken this quiz